| 000 | 02037nam a2200493Ii 4500 | ||
|---|---|---|---|
| 001 | DIGUDROS0322 | ||
| 003 | NyNyDIG | ||
| 008 | 171004s2016 ck ob 000 0 spa d | ||
| 006 | m o d | ||
| 007 | cr ||||||||||| | ||
| 035 | _a(OCoLC)981709588 | ||
| 040 |
_aDGITA _beng _erda _epn _cDGITA |
||
| 020 |
_a9789587387841 _q(eBook ; _qePub) |
||
| 020 |
_a9587387848 _q(eBook ; _qePub) |
||
| 020 |
_z9789587387834 _q(impreso) |
||
| 020 |
_z958738783X _q(impreso) |
||
| 041 | 0 |
_aspa _beng _bspa |
|
| 050 | 4 | _aRC969.H43 eBook | |
| 082 | 0 | 4 | _a658.382 |
| 245 | 0 | 0 |
_aOrganizaciones saludables y procesos organizacionales e individuales : _bcomprensión y retos / _cMerlin Patricia Gruesso H., editora académica. |
| 264 | 1 |
_aBogotá, D.C. : _bEditorial Universidad del Rosario, _c[2016] |
|
| 300 | _a1 online resource. | ||
| 336 |
_atext _btxt _2rdacontent |
||
| 337 |
_acomputer _bc _2rdamedia |
||
| 338 |
_aonline resource _bcr _2rdacarrier |
||
| 490 | 1 | _aColección Textos de Administración | |
| 504 | _aIncludes bibliographical references. | ||
| 546 | _aIn Spanish; summaries in English and Spanish. | ||
| 588 | 0 | _aOnline resource; title from ePub title page (Digitalia, viewed June 20, 2017) | |
| 650 | 0 | _aEmployee health promotion. | |
| 650 | 0 | _aIndustrial hygiene. | |
| 650 | 0 | _aEmployee motivation. | |
| 650 | 0 | _aOrganizational behavior. | |
| 650 | 0 | _aPersonnel management. | |
| 655 | 0 | _aElectronic books. | |
| 700 | 1 |
_aGruesso Hinestroza, Merlin Patricia, _eeditor. |
|
| 791 | 2 |
_aDigitalia (Firm), _edistributor. |
|
| 793 | 0 |
_gDigitalia eBook Collection: _aUniversidad del Rosario |
|
| 776 | 0 | 8 |
_iPrint version: _tOrganizaciones saludables y procesos organizacionales e individuales. _bPrimera edición. _dBogotá, D.C. : Editorial Universidad del Rosario, 2016 _z9789587387834 |
| 830 | 0 | _aColección Textos de administración (Editorial Universidad del Rosario) | |
| 856 | 4 | 0 |
_3Digitalia Hispánica _uhttps://www.digitaliapublishing.com/a/46578/ |
| 910 | _aPremium collection: 2017 | ||
| 942 | _cRAA | ||
| 999 |
_c249781 _d249781 |
||